Statistics for Every Super Bowl

Click here to take the quiz!

General Stats

  • This quiz has been taken 36 times
    (8 since last reset)
  • The average score is 111 of 116

Answer Stats

Super BowlTeamPosition% Correct
XXXIIIAtlanta FalconsLoser
100%
LIAtlanta FalconsLoser
100%
IIIBaltimore ColtsLoser
100%
VBaltimore ColtsWinner
100%
XXXVBaltimore RavensWinner
100%
XLVIIBaltimore RavensWinner
100%
LCarolina PanthersLoser
100%
XXXVIIICarolina PanthersLoser
100%
XVICincinnati BengalsLoser
100%
XXIIICincinnati BengalsLoser
100%
LVICincinnati BengalsLoser
100%
XLVIIIDenver BroncosLoser
100%
XXXIIIDenver BroncosWinner
100%
XXXIIDenver BroncosWinner
100%
LDenver BroncosWinner
100%
XXIIDenver BroncosLoser
100%
XXIDenver BroncosLoser
100%
XIIDenver BroncosLoser
100%
XXIVDenver BroncosLoser
100%
IGreen Bay PackersWinner
100%
XXXIGreen Bay PackersWinner
100%
XLVGreen Bay PackersWinner
100%
IIGreen Bay PackersWinner
100%
XXXIIGreen Bay PackersLoser
100%
XLIIndianapolis ColtsWinner
100%
XLIVIndianapolis ColtsLoser
100%
LVIIIKansas City ChiefsWinner
100%
LVIIKansas City ChiefsWinner
100%
LVKansas City ChiefsLoser
100%
IVKansas City ChiefsWinner
100%
IKansas City ChiefsLoser
100%
LIVKansas City ChiefsWinner
100%
XVIIILos Angeles RaidersWinner
100%
XIVLos Angeles RamsLoser
100%
LIIILos Angeles RamsLoser
100%
LVILos Angeles RamsWinner
100%
IXMinnesota VikingsLoser
100%
VIIMinnesota VikingsLoser
100%
IVMinnesota VikingsLoser
100%
XIMinnesota VikingsLoser
100%
XLVINew England PatriotsLoser
100%
XXNew England PatriotsLoser
100%
XLIINew England PatriotsLoser
100%
XXXIXNew England PatriotsWinner
100%
LIINew England PatriotsLoser
100%
LIIINew England PatriotsWinner
100%
LINew England PatriotsWinner
100%
XXXVIIINew England PatriotsWinner
100%
XLIXNew England PatriotsWinner
100%
XXXINew England PatriotsLoser
100%
XXXVINew England PatriotsWinner
100%
XLIINew York GiantsWinner
100%
XXVNew York GiantsWinner
100%
XLVINew York GiantsWinner
100%
XXXVNew York GiantsLoser
100%
XXINew York GiantsWinner
100%
IIINew York JetsWinner
100%
XXXVIIOakland RaidersLoser
100%
XIOakland RaidersWinner
100%
IIOakland RaidersLoser
100%
XVOakland RaidersWinner
100%
XVPhiladelphia EaglesLoser
100%
LVIIPhiladelphia EaglesLoser
100%
XXXIXPhiladelphia EaglesLoser
100%
LIIPhiladelphia EaglesWinner
100%
XLVPittsburgh SteelersLoser
100%
XLIIIPittsburgh SteelersWinner
100%
IXPittsburgh SteelersWinner
100%
XLPittsburgh SteelersWinner
100%
XIVPittsburgh SteelersWinner
100%
XIIIPittsburgh SteelersWinner
100%
XXXPittsburgh SteelersLoser
100%
XPittsburgh SteelersWinner
100%
LVIIISan Francisco 49ersLoser
100%
XXIXSan Francisco 49ersWinner
100%
XIXSan Francisco 49ersWinner
100%
XVISan Francisco 49ersWinner
100%
XXIIISan Francisco 49ersWinner
100%
LIVSan Francisco 49ersLoser
100%
XLVIISan Francisco 49ersLoser
100%
XXIVSan Francisco 49ersWinner
100%
XXXVISt. Louis RamsLoser
100%
XXXIVSt. Louis RamsWinner
100%
LVTampa Bay BuccaneersWinner
100%
XXXVIITampa Bay BuccaneersWinner
100%
XXXIVTennessee TitansLoser
100%
XLIIIArizona CardinalsLoser
86%
XXVIIBuffalo BillsLoser
86%
XXVIBuffalo BillsLoser
86%
XXVBuffalo BillsLoser
86%
XXVIIIBuffalo BillsLoser
86%
XLIChicago BearsLoser
86%
XXChicago BearsWinner
86%
VIMiami DolphinsLoser
86%
XVIIMiami DolphinsLoser
86%
VIIIMiami DolphinsWinner
86%
VIIMiami DolphinsWinner
86%
XIXMiami DolphinsLoser
86%
XLIVNew Orleans SaintsWinner
86%
XXIXSan Diego ChargersLoser
86%
XLIXSeattle SeahawksLoser
86%
XLSeattle SeahawksLoser
86%
XLVIIISeattle SeahawksWinner
86%
VIIWashington RedskinsLoser
86%
XXIIWashington RedskinsWinner
86%
XXVIWashington RedskinsWinner
86%
XVIIWashington RedskinsWinner
86%
XVIIIWashington RedskinsLoser
86%
VDallas CowboysLoser
71%
XXXDallas CowboysWinner
71%
XIIDallas CowboysWinner
71%
XDallas CowboysLoser
71%
VIDallas CowboysWinner
71%
XIIIDallas CowboysLoser
71%
XXVIIIDallas CowboysWinner
71%
XXVIIDallas CowboysWinner
71%

Score Distribution

Percentile by Number Answered

Percent of People with Each Score

Your Score History

You have not taken this quiz since the last reset